| 000 | 00620nam a22002057a 4500 | ||
|---|---|---|---|
| 999 |
_c5872 _d5872 |
||
| 003 | AR-CdUCM | ||
| 008 | 190313b ||||| |||| 00| 0 spa d | ||
| 040 |
_aMUNICIPALIDAD PROVINCIAL DEL CUSCO _cBIBLIOTECA MUNICIPAL DEL CUSCO |
||
| 082 |
_a869.56 / _bR68 |
||
| 100 |
_aRivera Saavedra, Juan _92959 |
||
| 245 | _aLas armas de Dios ; El paraíso encontrado / | ||
| 260 |
_aLima : _bAsociación Cultural Pegaso, _c1990. |
||
| 300 |
_a66 páginas ; _c21 cm. |
||
| 500 | _a"Auspicia CONCYTEC" | ||
| 650 |
_aTeatro _9173 |
||
| 650 |
_aTeatro peruano _92697 |
||
| 650 |
_aSiglo XX _98 |
||
| 942 |
_2ddc _cLIBROS |
||
| 945 | _azta | ||